Spatial pattern of population distribution and growth in Brihanmumbai, 2001 (Record no. 55349)

000 -LEADER
fixed length control field 00418pab a2200157 454500
008 - FIXED-LENGTH DATA ELEMENTS--GENERAL INFORMATION
fixed length control field 180718b2001 xxu||||| |||| 00| 0 eng d
100 ## - MAIN ENTRY--PERSONAL NAME
Personal name Phadkel, V.S.
245 ## - TITLE STATEMENT
Title Spatial pattern of population distribution and growth in Brihanmumbai, 2001
260 ## - PUBLICATION, DISTRIBUTION, ETC.
Date of publication, distribution, etc. 2001
300 ## - PHYSICAL DESCRIPTION
Extent p.111-33.
362 ## - DATES OF PUBLICATION AND/OR SEQUENTIAL DESIGNATION
Dates of publication and/or sequential designation Jul-Dec
650 ## - SUBJECT ADDED ENTRY--TOPICAL TERM
Topical term or geographic name entry element Population increase
700 ## - ADDED ENTRY--PERSONAL NAME
Personal name Mukherji, Dipti
773 ## - HOST ITEM ENTRY
Main entry heading Urban India
909 ## -
-- 55349
Holdings
Withdrawn status Lost status Damaged status Not for loan Permanent Location Current Location Date acquired Serial Enumeration / chronology Barcode Date last seen Price effective from Koha item type
        Indian Institute of Public Administration Indian Institute of Public Administration 2018-07-19 Volume no: 21, Issue no: 2 AR55794 2018-07-19 2018-07-19 Articles

Powered by Koha